Famous TV Dogs Quiz Stats

 Plays Quiz Updated Jan 4, 2013

Challenge
Share
Tweet
Score 0/20 Timer 04:00
0 Plays Today
TV Show Dog % Correct
The FlintstonesDino - The Flintstones
88.3%
Family GuyBrian Griffin - Family Guy
84.7%
The JetsonsAstro - The Jetsons
70.1%
The SimpsonsSanta's Little Helper - The Simpsons
69.8%
Full HouseComet - Full House
60.8%
FrasierEddie - Frasier
57.9%
Tom & JerrySpike - Tom & Jerry
40%
The Brady BunchTiger - The Brady Bunch
36.8%
Sesame StreetBarkley - Sesame Street
35.2%
King of the HillLadybird - King of the Hill
34%
TV Show Dog % Correct
The Muppet ShowRowlf - The Muppet Show
33.3%
WishboneWishbone - Wishbone
33.1%
The Rocky & Bullwinkle ShowMr. Peabody - Rocky & Bullwinkle Show
33%
The Little RascalsPetey - The Little Rascals
31.8%
Inspector GadgetBrain - Inspector Gadget
31.4%
Little House on the PrairieBandit - Little House on the Prairie
31%
Married with ChildrenBuck - Married with Children
29%
7th HeavenHappy - 7th Heaven
26.4%
The Beverly HillbilliesDuke - The Beverly Hillbillies
15.8%
The Dukes of HazzardFlash - The Dukes of Hazzard
9%

You're not logged in!

Compare scores with friends on all Sporcle quizzes.
OR
Log In

You Might Also Like...

Show Comments

Extras

Top Quizzes Today


Score Distribution

Your Account Isn't Verified!

In order to create a playlist on Sporcle, you need to verify the email address you used during registration. Go to your Sporcle Settings to finish the process.

Report this User

Report this user for behavior that violates our Community Guidelines.

Details: